000 00609nam a2200241Ia 4500
003 OSt
005 20220918204044.0
006 a|||||r|||| 00| 0
007 ta
008 220917b |||||||| |||| 00| 0 eng d
024 _a110,847
037 _cTextual
040 _aARTS
_cARTS
_beng
041 _2eng
_aeng
082 _aV53.M02-L92, L5
100 _aCobb R
_9105636
245 0 _aParis and its provinces 1792-1802
260 _aLondon
_bO U P
_c1975
300 _a279p.
_ccm.
650 _aHISTORY
942 _hV53.M02-L92, L5
_cTEXL
_2CC
999 _c234197
_d234197